Soltar Amarras (Record no. 519)

MARC details
000 -LEADER
campo de control de longitud fija 00443nam a22001457a 4500
008 - DATOS DE LONGITUD FIJA--INFORMACIÓN GENERAL
campo de control de longitud fija 150410b xxu||||| |||| 00| 0 eng d
020 ## - NÚMERO INTERNACIONAL ESTÁNDAR DEL LIBRO
Número Internacional Estándar del Libro 9968940100
082 ## - NÚMERO DE LA CLASIFICACIÓN DECIMAL DEWEY
Número de clasificación 861.972.86
Número de ítem P 659s
100 ## - ENTRADA PRINCIPAL--NOMBRE DE PERSONA
Nombre de persona Pinto, Marta
9 (RLIN) 2405
245 ## - MENCIÓN DEL TÍTULO
Título Soltar Amarras
Mención de responsabilidad, etc. Pinto, Marta
260 ## - PUBLICACIÓN, DISTRIBUCIÓN, ETC.
Lugar de publicación, distribución, etc. San Jose, Costa Rica
Nombre del editor, distribuidor, etc. M y J Realidades Culturales
Fecha de publicación, distribución, etc. 2002
300 ## - DESCRIPCIÓN FÍSICA
Extensión 46 p.
Otras características físicas ill.
Dimensiones 20.5 cm
650 ## - PUNTO DE ACCESO ADICIONAL DE MATERIA--TÉRMINO DE MATERIA
Subdivisión general Poesia
-- Literatura
Subdivisión geográfica Costa Rica
9 (RLIN) 985
700 ## - ENTRADA AGREGADA--NOMBRE PERSONAL
Nombre de persona Marta Pinto
9 (RLIN) 2406
Holdings
Estatus retirado Estado de pérdida Fuente del sistema de clasificación o colocación Estado de daño No para préstamo Biblioteca de origen Biblioteca actual Ubicación en estantería Fecha de adquisición Total de préstamos Signatura topográfica completa Código de barras Visto por última vez Precio de reemplazo Tipo de ítem Koha
    Clasificación Decimal Dewey     Biblioteca LadoV Biblioteca LadoV   10/04/2015   861.972.86 P 659s 000401 10/04/2015 10/04/2015 Material 01